Fuel oil manual

Αποθηκεύτηκε σε:
Λεπτομέρειες βιβλιογραφικής εγγραφής
Κύριος συγγραφέας: Schmidt, Paul F. (Paul Frank) 1915-
Μορφή: Βιβλίο
Γλώσσα:English
Δημοσίευση: New York : Industrial Press, c1985
Έκδοση:4th ed.
Θέματα:
Ετικέτες: Προσθήκη ετικέτας
Δεν υπάρχουν, Καταχωρήστε ετικέτα πρώτοι!

MARC

LEADER 00000nam a2200000 i 4500
001 1/17243
008 980828s1985 eng d
020 |a 0-8311-1166-6 
035 |l 10020483 
040 |a GR-MY-UA  |b gre  |e aacr 
041 0 |a eng 
082 0 |a 665.5384 
100 1 |a Schmidt, Paul F.  |q (Paul Frank)  |d 1915- 
245 1 0 |a Fuel oil manual /  |c Paul F. Schmidt 
250 |a 4th ed. 
260 |a New York :   |b Industrial Press,   |c c1985 
300 |a ix, 240 σ.;  |b εικ.;  |c 25 εκ. 
504 |a Περιέχει ευρετήριο 
650 0 0 |a Petroleum as fuel. 
852 |a INST  |b LESVOS  |e 19980828  |h 665.5384 SCH  |p 005100013110  |q 005100013110  |t BK  |y 0 
901 |a BIBL-1998-3 
909 |a Λ  |b 059048 
922 |a 1ΕΛΗ  |b 199808  |c ΚΠΣ/ΤΠ  |d ΠΑΠΑΣΩΤΗΡΙΟΥ 
950 |a 107-1998-07-17